Luật cờ tướng
Zapisane w:
| 1. autor: | |
|---|---|
| Format: | Książka |
| Język: | Undetermined |
| Wydane: |
Hà Nội
TDTT
1999
|
| Hasła przedmiotowe: | |
| Etykiety: |
Dodaj etykietę
Nie ma etykietki, Dołącz pierwszą etykiete!
|
| Thư viện lưu trữ: | Trung tâm Học liệu Trường Đại học Cần Thơ |
|---|
| LEADER | 00477nam a2200169Ia 4500 | ||
|---|---|---|---|
| 001 | CTU_36270 | ||
| 008 | 210402s9999 xx 000 0 und d | ||
| 082 | |a 794.18 | ||
| 082 | |b L504 | ||
| 100 | |a ủy ban Thể dục thể thao | ||
| 245 | 0 | |a Luật cờ tướng | |
| 245 | 0 | |c ủy ban Thể dục thể thao | |
| 260 | |a Hà Nội | ||
| 260 | |b TDTT | ||
| 260 | |c 1999 | ||
| 650 | |a chinese chess | ||
| 980 | |a Trung tâm Học liệu Trường Đại học Cần Thơ | ||